|
|
|
|
| LEADER |
00684nab a2200193 i 4500 |
| 001 |
tisza8334 |
| 005 |
20200330133945.0 |
| 008 |
170602s1974 hu o 0|| hun d |
| 022 |
|
|
|a 0133-1167
|
| 040 |
|
|
|a SZTE Tiszatáj Archívum
|b hun
|
| 041 |
|
|
|a hun
|
| 100 |
1 |
|
|a Miskolczy Ambrus
|
| 245 |
1 |
0 |
|a George Bariț a román—magyar szövetségért 1848-ban
|h [elektronikus dokumentum] /
|c Miskolczy Ambrus
|
| 260 |
|
|
|c 1974
|
| 300 |
|
|
|a 42-46
|
| 490 |
0 |
|
|a Tiszatáj
|v 28 No. 6
|
| 695 |
|
|
|a Történetírás - román - 19. sz., Román-magyar kapcsolatok - 19. sz.
|
| 700 |
0 |
1 |
|a Barițiu George
|
| 856 |
4 |
0 |
|u http://tiszataj.bibl.u-szeged.hu/8334/1/tiszataj_1974_006_042-046.pdf
|z Dokumentum-elérés
|